| 000 | 00416cam a2200181ua 4500 | ||
|---|---|---|---|
| 020 | _c2.50 | ||
| 041 |
_ahin _h |
||
| 082 |
_a891.54 _bHAR/MA |
||
| 100 | _aHarikrishna, Premi . | ||
| 245 |
_aMamata / _cHarikrishna Premi. _hTextual Documents |
||
| 250 |
_a1 / _b. |
||
| 260 |
_a : _bRajpal and Sanch , _c1958. |
||
| 300 | _a116 ; . | ||
| 365 | _a2.50 | ||
| 504 | _a | ||
| 942 | _cBK | ||
| 999 |
_c6369 _d6369 |
||